00626nam a2200193Ia 4500952014100000999001500141003000400156005001700160008004100177020001500218040000900233082001700242100002500259245004500284260004100329300000900370650001300379942004000392 00102ddc40708COMPUTER SCIENCEaMESbMEScCOMPd2019-02-20g79.00l0o004.6 ING/Np26554r2019-02-20 00:00:00w2019-02-20yBKzGL30R5 c8785d8785OSt20201008111157.0190216s9999||||xx |||||||||||||| ||und|| a8177220837 coclc a004.6bING/N aIngram, Peter 95448 0aNetworking In Easy Steps /cPeter Ingram bDream Tech Press,c2002.aNew Delhi: a188p aComputer cBK2ddch004.6iING/Nk004.6mING/N